000 01744nam0a22003371 4500
001 RU\NLR\INFOCOMM_41\5000244237
005 20250613090121.0
035 _a(NLR Aleph) 009053134
090 _a7816307
_c7816307
100 _a20080917d1969 |||y0rusy50 ca
101 0 _aeng
_ager
_afre
_geng
102 _aRU
_aLV
105 _ay z 100zy
200 1 _aAbstracts to the reports delivered at the Congress
_fCom. for organizing the Second All-Union congress of traumatology and orthopedics
210 _aMoscow
_aRiga
_d1969
215 _a112 с.
_d22 см
300 _aТекст парал. на англ., франц. и нем. яз
300 _aНа обл. надзаголовок и загл. также на франц. яз.: Comité d'organisation de la deuxième congrès de chirurgie orthopédique et de traumatologie de l'U.R.S.S. Résumes sur les rapports du Congrès; на нем. яз.: Organisationskomitee der Zweiten Allunionstagung der Unfallchirurgen und Orthopäden. Kurze Zusammenfassung der Vorträge; на рус. яз.: Второй Съезд травматологов-ортопедов
512 1 _aRésumes sur les rapports du Congrès
_zfre
512 1 _aKurze Zusammenfassung der Vorträge
_zger
686 _aМе11-400(д)
_2rubbk
686 _aМе11-400(д)[Р458я431(2)]
_2rubbk
710 1 2 _9z01791
_aAll-Union congress of traumatology and orthopedics
_eRiga
_f1969
_4070
791 1 2 _9z01710
_aCongrès de orthopédique et de traumatologie de l'URSS
_d2
_eRiga
_f1969
791 1 2 _9z01710
_aAllunionstagung der Unfallchirurgen und Orthopäden
_d2
_eRiga
_f1969
801 1 _aRU
_bNLR
_c20080917
801 0 _aRU
_bNLR
_gPSBO
852 _aNLR
_jМд41 Д-5/29
942 _cBOOK
980 _aNB